[Event "3rd OHRA Open"]
[Site "Amsterdam NED"]
[Date "1984.07.17"]
[Round "1"]
[White "Portisch, Lajos"]
[Black "Sznapik, Aleksander"]
[Result "1-0"]
[WhiteElo "2640"]
[BlackElo "2445"]
[EventDate "1984.07.17"]
[PlyCount "101"]

1.d4 Nf6 2.c4 g6 3.Nf3 Bg7 4.g3 O-O 5.Bg2 d6 6.Nc3 Bg4 7.h3 Bxf3 8.Bxf3 
Nc6 9.e3 Nd7 10.Bg2 e5 11.d5 Ne7 12.e4 f5 13.h4 Nf6 14.Bg5 h6 15.Bxf6 Bxf6
16.h5 Bg5 17.hxg6 f4 18.Bh3 Kg7 19.Ne2 c6 20.Qb3 Qa5+ 21.Qc3 Qxc3+ 22.bxc3
c5 23.Rb1 b6 24.Bg4 Nxg6 25.Ng1 Ne7 26.Nf3 fxg3 27.fxg3 Bf6 28.Ke2 Rh8 29.
Rh5 Rag8 30.Be6 Rf8 31.Rbh1 Rb8 32.a4 a6 33.Rb1 Rb7 34.Kd3 Ng6 35.Rh2 Rf8 
36.Rhb2 Rfb8 37.Ke2 Bd8 38.Ke3 Bf6 39.Kd3 Bd8 40.Bf5 Rf7 41.Rf1 Rbb7 42.
Rg2 Bf6 43.Nh4 Ne7 44.Be6 Rf8 45.Rgf2 Rbb8 46.Ng2 Kg6 47.Ne3 h5 48.g4 h4 
49.g5 Bg7 50.Bf5+ Nxf5 51.Nxf5 1-0

[Event "3rd OHRA Open"]
[Site "Amsterdam NED"]
[Date "1984.07.17"]
[Round "1"]
[White "Nikolic, Predrag"]
[Black "Ligterink, Gert"]
[Result "1-0"]
[WhiteElo "2585"]
[BlackElo "2440"]
[EventDate "1984.07.17"]
[PlyCount "71"]

1.d4 Nf6 2.c4 e6 3.Nf3 b6 4.g3 Ba6 5.Qa4 Bb7 6.Bg2 c5 7.O-O Be7 8.Nc3 cxd4
9.Nxd4 Bxg2 10.Kxg2 a6 11.Bg5 O-O 12.Rfd1 Qc7 13.f3 Qb7 14.Ne4 Nxe4 15.
Bxe7 Re8 16.Ba3 Nf6 17.Bd6 Rc8 18.Qb3 Nc6 19.Rac1 Ne8 20.Bf4 d6 21.Nxc6 
Rxc6 22.a4 Rac8 23.Qd3 h6 24.h4 Qe7 25.b4 e5 26.b5 axb5 27.axb5 R6c7 28.
Be3 Qe6 29.Bxb6 Rxc4 30.Rxc4 Rxc4 31.Bf2 Rb4 32.Rb1 Rxb1 33.Qxb1 Qd5 34.b6
Qb7 35.Qe4 Qb8 36.Qc6 1-0

[Event "3rd OHRA Open"]
[Site "Amsterdam NED"]
[Date "1984.07.17"]
[Round "1"]
[White "Sax, Gyula"]
[Black "Bohm, Hans"]
[Result "1/2-1/2"]
[WhiteElo "2565"]
[BlackElo "2415"]
[EventDate "1984.07.17"]
[PlyCount "91"]

1.e4 e6 2.d4 d5 3.Nd2 Nf6 4.e5 Nfd7 5.Bd3 c5 6.c3 Nc6 7.Ne2 a5 8.O-O a4 9.
Nf3 Be7 10.Nf4 cxd4 11.cxd4 Nb6 12.Bd2 Bd7 13.Rc1 g6 14.Ne2 Nb4 15.Bxb4 
Bxb4 16.h4 a3 17.b3 Nc8 18.Nc3 Qa5 19.Na4 Ne7 20.Nc5 Bc8 21.Qe2 h6 22.Qe3 
Nf5 23.Qf4 Qd8 24.Rc2 b6 25.Na4 Be7 26.g3 Bd7 27.Rfc1 Rb8 28.Nc3 Rc8 29.
Nd1 Rxc2 30.Rxc2 g5 31.hxg5 hxg5 32.Qc1 g4 33.Bxf5 exf5 34.e6 fxe6 35.Ne5 
Bd6 36.Ne3 Qb8 37.Ng2 Bxe5 38.dxe5 Qxe5 39.Nf4 Qf6 40.Rc7 Qh6 41.Rc8+ Bxc8
42.Qxc8+ Ke7 43.Qc7+ Kf6 44.Qc3+ Kg5 45.Nxe6+ Qxe6 46.Qg7+ 1/2-1/2

[Event "3rd OHRA Open"]
[Site "Amsterdam NED"]
[Date "1984.07.17"]
[Round "1"]
[White "Wedberg, Tom"]
[Black "Eising, Johannes"]
[Result "1-0"]
[WhiteElo "2485"]
[BlackElo "2355"]
[EventDate "1984.07.17"]
[PlyCount "75"]

1.e4 c6 2.d4 d5 3.Nd2 dxe4 4.Nxe4 Nf6 5.Nxf6+ gxf6 6.c3 h5 7.Bc4 Nd7 8.Ne2
Nb6 9.Bb3 Bg4 10.h3 Bxe2 11.Qxe2 e6 12.Be3 Qc7 13.O-O-O h4 14.Qf3 f5 15.g4
hxg3 16.fxg3 Bh6 17.Bxh6 Rxh6 18.g4 fxg4 19.hxg4 Rxh1 20.Rxh1 O-O-O 21.Rh7
Rd7 22.Kb1 Nd5 23.a3 a6 24.Ka2 Nf4 25.g5 Qd6 26.Rh6 Ng6 27.Qf6 Nf4 28.Rh7 
Nd5 29.Qf3 Nf4 30.Ka1 Kc7 31.Rh6 Nd5 32.Rh4 Qe7 33.Rh5 Qd6 34.Rh4 Qe7 35.
Rg4 Qd6 36.c4 Ne7 37.c5 Qh2 38.Qxf7 1-0

[Event "3rd OHRA Open"]
[Site "Amsterdam NED"]
[Date "1984.07.17"]
[Round "1"]
[White "Borm, Franciscus"]
[Black "Gutman, Lev"]
[Result "0-1"]
[WhiteElo "2375"]
[BlackElo "2485"]
[EventDate "1984.07.17"]
[PlyCount "88"]

1.e4 c5 2.Nf3 d6 3.d4 cxd4 4.Nxd4 Nf6 5.Nc3 e6 6.Be2 Be7 7.O-O O-O 8.f4 a6
9.Be3 Qc7 10.Kh1 Nbd7 11.a4 b6 12.Bf3 Bb7 13.Qe2 Rfe8 14.e5 Bxf3 15.Nxf3 
Ng4 16.exd6 Bxd6 17.Rad1 Nxe3 18.Qxe3 Nf6 19.Nd4 e5 20.fxe5 Bxe5 21.Qh3 
Rad8 22.Nde2 h5 23.Qh4 Rxd1 24.Rxd1 Ng4 25.Rf1 g6 26.h3 Bf6 27.Qg3 Qxg3 
28.Nxg3 Bxc3 29.bxc3 Ne3 30.Rc1 h4 31.Nf1 Nd5 32.c4 Nc3 33.Ra1 Re2 34.a5 
bxa5 35.Rxa5 Re1 36.Kg1 Ne4 37.Rxa6 Kg7 38.Ra3 Nd2 39.Rf3 Nxf3+ 40.gxf3 
Rc1 41.f4 Kf6 42.Kf2 Rxc2+ 43.Kf3 Rxc4 44.Ne3 Rd4 0-1

[Event "3rd OHRA Open"]
[Site "Amsterdam NED"]
[Date "1984.07.17"]
[Round "1"]
[White "Kuijf, Marinus"]
[Black "Chandler, Murray Graham"]
[Result "1/2-1/2"]
[WhiteElo "2405"]
[BlackElo "2540"]
[EventDate "1984.07.17"]
[PlyCount "66"]

1.d4 Nf6 2.Nf3 g6 3.Bf4 Bg7 4.e3 O-O 5.Be2 c5 6.c3 b6 7.O-O Bb7 8.h3 d6 9.
a4 Nbd7 10.Nbd2 cxd4 11.cxd4 Rc8 12.Bg3 Rc7 13.a5 bxa5 14.Rxa5 Bd5 15.Qa1 
Qa8 16.Bd3 e5 17.e4 Nxe4 18.Nxe4 Bxe4 19.Bxe4 Qxe4 20.Rxa7 Rxa7 21.Qxa7 
Qc6 22.dxe5 Nxe5 23.Nxe5 dxe5 24.b4 Qb5 25.Qa5 Qxa5 26.bxa5 Ra8 27.Ra1 Ra6
28.Ra4 f5 29.f3 Kf7 30.Bf2 Ke6 31.Bb6 Kd5 32.Kf2 Bf8 33.Ke2 Bc5 1/2-1/2

[Event "3rd OHRA Open"]
[Site "Amsterdam NED"]
[Date "1984.07.17"]
[Round "1"]
[White "Van der Sterren, Paul"]
[Black "Timman, Jan"]
[Result "1/2-1/2"]
[WhiteElo "2455"]
[BlackElo "2650"]
[EventDate "1984.07.17"]
[PlyCount "127"]

1.d4 d5 2.c4 dxc4 3.Nf3 Nf6 4.Nc3 c6 5.a4 Bg4 6.Ne5 Bh5 7.g3 e6 8.Bg2 Bb4 
9.O-O O-O 10.Nxc4 Nd5 11.Na2 Be7 12.Re1 c5 13.Ne3 cxd4 14.Nxd5 exd5 15.
Qxd4 Nc6 16.Qxd5 Qxd5 17.Bxd5 Nd4 18.Be4 Nxe2+ 19.Kg2 Nxc1 20.Raxc1 Bd6 
21.Bxb7 Rab8 22.Rc6 Rfd8 23.Ba6 f6 24.b4 Kf8 25.Rc2 Bxb4 26.Nxb4 Rxb4 27.
a5 Ra4 28.Rc5 Bf7 29.Bb7 Rc4 30.Rc1 Rxc1 31.Rxc1 Bd5+ 32.Bxd5 Rxd5 33.Rc7 
Rxa5 34.h4 h5 35.Kf3 Kg8 36.Ke3 Kh7 37.Kf4 Ra3 38.Rb7 Kh6 39.Ke4 g5 40.Rc7
g4 41.Kf5 Rf3+ 42.Ke6 Kg6 43.Rc8 Kg7 44.Rc7+ Kg6 45.Rc8 Rb3 46.Rg8+ Kh7 
47.Ra8 Kg6 48.Rg8+ Kh7 49.Ra8 Kg7 50.Rxa7+ Kg6 51.Ra4 Rb5 52.Rf4 Re5+ 53.
Kd6 Kf7 54.Ra4 Re2 55.Rf4 Rd2+ 56.Kc5 Ke6 57.Kc4 Ke5 58.Kc3 Rd1 59.Ra4 f5 
60.Rf4 Rh1 61.Kd3 Rxh4 62.Rxf5+ Kxf5 63.gxh4 Kf4 64.Ke2 1/2-1/2

[Event "3rd OHRA Open"]
[Site "Amsterdam NED"]
[Date "1984.07.17"]
[Round "1"]
[White "Trepp, Markus"]
[Black "Campora, Daniel Hugo"]
[Result "0-1"]
[WhiteElo "2340"]
[BlackElo "2480"]
[EventDate "1984.07.17"]
[PlyCount "104"]

1.e4 c6 2.d4 d5 3.Nd2 dxe4 4.Nxe4 Bf5 5.Ng3 Bg6 6.Nf3 Nf6 7.Bd3 e6 8.O-O 
Nbd7 9.Re1 Be7 10.c4 O-O 11.Bxg6 hxg6 12.Qe2 Re8 13.Bd2 c5 14.Bc3 cxd4 15.
Nxd4 Qb6 16.Ne4 Nc5 17.Nxf6+ Bxf6 18.Nb5 Rad8 19.Rad1 a6 20.Bxf6 gxf6 21.
Nc3 Kg7 22.h3 Qb4 23.Rxd8 Rxd8 24.Rd1 Rxd1+ 25.Nxd1 a5 26.Kf1 a4 27.Qc2 
Qb6 28.Nc3 Qd6 29.Kg1 Qe5 30.Qd2 Ne4 31.Nxe4 Qxe4 32.Qc1 Qd3 33.h4 e5 34.
g3 b6 35.Kg2 e4 36.c5 Qd5 37.c6 e3+ 38.Kh2 exf2 39.c7 Qb7 40.c8=Q Qxc8 41.
Qxc8 f1=Q 42.Qc2 b5 43.a3 Qf3 44.Qd2 Qe4 45.Kg1 Qg4 46.Kh2 g5 47.hxg5 fxg5
48.Qe3 Qf5 49.Qc3+ f6 50.b3 Qf2+ 51.Kh1 Qf1+ 52.Kh2 Qe2+ 0-1

[Event "3rd OHRA Open"]
[Site "Amsterdam NED"]
[Date "1984.07.17"]
[Round "1"]
[White "Hjorth, Greg"]
[Black "Polugaevsky, Lev"]
[Result "0-1"]
[WhiteElo "2440"]
[BlackElo "2625"]
[EventDate "1984.07.17"]
[PlyCount "68"]

1.e4 c5 2.b3 d6 3.Bb2 Nf6 4.Bb5+ Nbd7 5.Qe2 e5 6.f4 exf4 7.Nh3 Be7 8.Nxf4 
O-O 9.Bxd7 Bxd7 10.O-O Bc6 11.Nc3 Qd7 12.h3 Rae8 13.Rae1 Bd8 14.Qd3 b5 15.
Qg3 g6 16.d3 Qe7 17.Kh1 b4 18.Nd1 Nd7 19.Ne3 Qg5 20.Qf2 Ne5 21.Qd2 Bf6 22.
c4 bxc3 23.Bxc3 Bg7 24.d4 cxd4 25.Qxd4 Rd8 26.Ned5 Rd7 27.Qe3 Re8 28.Bd4 
Bb5 29.Rg1 Qh4 30.Qf2 Qxf2 31.Bxf2 Nd3 32.Nxd3 Bxd3 33.Bh4 Re6 34.Bg5 Bxe4
0-1

[Event "3rd OHRA Open"]
[Site "Amsterdam NED"]
[Date "1984.07.17"]
[Round "1"]
[White "Langeweg, Christian"]
[Black "Sosonko, Gennadi"]
[Result "1/2-1/2"]
[WhiteElo "2415"]
[BlackElo "2565"]
[EventDate "1984.07.17"]
[PlyCount "34"]

1.d4 Nf6 2.c4 e6 3.Nf3 b6 4.Nc3 Bb7 5.e3 d5 6.cxd5 exd5 7.Bb5+ c6 8.Bd3 
Be7 9.O-O O-O 10.b3 Nbd7 11.Bb2 Bd6 12.Qc2 Rc8 13.Qe2 Qe7 14.Ba6 Bxa6 15.
Qxa6 Rc7 16.Qe2 Re8 17.Rac1 Ne4 1/2-1/2

[Event "3rd OHRA Open"]
[Site "Amsterdam NED"]
[Date "1984.07.17"]
[Round "1"]
[White "Ree, Hans"]
[Black "Van Voorthuijsen, Pieter W"]
[Result "1-0"]
[WhiteElo "2465"]
[BlackElo "2270"]
[EventDate "1984.07.17"]
[PlyCount "109"]

1.d4 Nf6 2.c4 g6 3.Nc3 d5 4.cxd5 Nxd5 5.Qb3 Nb6 6.e4 Bg7 7.Be3 Bxd4 8.Rd1 
c5 9.Bb5+ Nc6 10.Nf3 Be6 11.Nxd4 cxd4 12.Qc2 O-O 13.Bxc6 bxc6 14.Rxd4 Qc8 
15.O-O c5 16.Rdd1 Qc6 17.Ne2 Bc4 18.Rfe1 Rfd8 19.Ng3 Rxd1 20.Rxd1 Rc8 21.
h4 Qb5 22.b3 Be6 23.Ne2 c4 24.Nd4 Qe5 25.b4 Bd7 26.Nf3 Qe6 27.Ng5 Qg4 28.
Bxb6 axb6 29.Nf3 Be8 30.a4 Qh5 31.Rd5 Qg4 32.h5 c3 33.b5 Qf4 34.Ne5 e6 35.
g3 Qf6 36.Ng4 Qe7 37.Rd3 gxh5 38.Ne5 Qc5 39.Nc6 Bxc6 40.Rxc3 Qb4 41.bxc6 
Rc7 42.Qd3 h4 43.gxh4 Rc8 44.Rc4 Qf8 45.Qg3+ Qg7 46.Kh2 Qxg3+ 47.Kxg3 Kf8 
48.Kf4 Ke7 49.e5 h6 50.Kg4 f6 51.Kh5 fxe5 52.c7 Kf6 53.Rc2 e4 54.Rc1 Kg7 
55.Kg4 1-0

[Event "3rd OHRA Open"]
[Site "Amsterdam NED"]
[Date "1984.07.17"]
[Round "1"]
[White "Van der Wiel, John"]
[Black "De Wit, Jan"]
[Result "1/2-1/2"]
[WhiteElo "2535"]
[BlackElo "2395"]
[EventDate "1984.07.17"]
[PlyCount "41"]

1.c4 c5 2.Nf3 Nf6 3.Nc3 e6 4.d4 cxd4 5.Nxd4 Bb4 6.Nb5 O-O 7.Bf4 d5 8.Qb3 
Nc6 9.O-O-O Qe7 10.a3 e5 11.cxd5 Bxc3 12.Nxc3 exf4 13.dxc6 bxc6 14.Qc4 Be6
15.Qxf4 Nd5 16.Nxd5 Bxd5 17.h4 Bb3 18.Rd2 Rad8 19.Rh3 Qc5+ 20.Rc3 Rxd2 21.
Qxd2 1/2-1/2

[Event "3rd OHRA Open"]
[Site "Amsterdam NED"]
[Date "1984.07.18"]
[Round "2"]
[White "Bohm, Hans"]
[Black "Van der Wiel, John"]
[Result "1/2-1/2"]
[WhiteElo "2415"]
[BlackElo "2535"]
[EventDate "1984.07.17"]
[PlyCount "139"]

1.d4 g6 2.g3 Bg7 3.Bg2 d6 4.Nc3 Nc6 5.d5 Ne5 6.Nf3 Nxf3+ 7.Bxf3 Bh3 8.Be3 
Nf6 9.Qd2 O-O 10.Bh6 Rb8 11.Bxg7 Kxg7 12.Qd4 c5 13.Qh4 Qd7 14.Rg1 Bg4 15.
Bxg4 Nxg4 16.h3 Nf6 17.Rd1 b5 18.Ne4 Rfe8 19.Nxf6 exf6 20.g4 Qe7 21.e3 Qe5
22.c3 b4 23.g5 bxc3 24.gxf6+ Qxf6 25.Qxf6+ Kxf6 26.bxc3 Rb2 27.Rg4 Rxa2 
28.Rf4+ Kg7 29.Rb1 g5 30.Rg4 Re5 31.h4 h6 32.hxg5 hxg5 33.c4 Kf6 34.Rb7 
Rf5 35.Rg2 Rf3 36.Kf1 Rh3 37.Rg3 Rxg3 38.fxg3 Kf5 39.Rxf7+ Kg4 40.Rf6 Kxg3
41.Ke1 g4 42.Rxd6 Kf3 43.Rf6+ Kxe3 44.Re6+ Kd3 45.Rg6 Ra1+ 46.Kf2 Kxc4 47.
Rxg4+ Kxd5 48.Ke2 Kc6 49.Kd2 Kb5 50.Kc3 Ra3+ 51.Kb2 Rh3 52.Rf4 a5 53.Rg4 
a4 54.Rf4 Re3 55.Rg4 a3+ 56.Ka2 c4 57.Rg8 Kb4 58.Rb8+ Kc3 59.Rh8 Re1 60.
Rh7 Rd1 61.Rh8 Rd3 62.Kxa3 Kc2+ 63.Ka2 c3 64.Rh1 Re3 65.Rg1 Re2 66.Rh1 Rd2
67.Rg1 Rh2 68.Ka3 Kd3 69.Kb3 Kd2 70.Rf1 1/2-1/2

[Event "3rd OHRA Open"]
[Site "Amsterdam NED"]
[Date "1984.07.18"]
[Round "2"]
[White "Sznapik, Aleksander"]
[Black "Kuijf, Marinus"]
[Result "1/2-1/2"]
[WhiteElo "2445"]
[BlackElo "2405"]
[EventDate "1984.07.17"]
[PlyCount "95"]

1.e4 e6 2.d4 d5 3.Nd2 Nf6 4.e5 Nfd7 5.c3 c5 6.Bd3 Nc6 7.Ne2 Qb6 8.Nf3 cxd4
9.cxd4 f6 10.exf6 Nxf6 11.O-O Bd6 12.Nc3 Bd7 13.Be3 O-O 14.Re1 Rae8 15.Ne5
Bc8 16.Na4 Qd8 17.f4 Ne7 18.Rc1 Nf5 19.Bf2 Bb4 20.Nc3 Nd6 21.a3 Ba5 22.b4 
Bb6 23.Na4 Nfe4 24.Be3 Bc7 25.Qc2 Bb8 26.Nc5 Nf6 27.Qe2 Nfe4 28.Qf3 Nf6 
29.Bb1 Bd7 30.Bf2 Bc8 31.Bh4 Nf5 32.Bf2 b6 33.Nc6 Qd6 34.Nd3 Ne4 35.Nde5 
Nd2 36.Qd3 Nxb1 37.Qxb1 Bd7 38.b5 Bxc6 39.bxc6 Bc7 40.a4 Qd8 41.Qd3 Nd6 
42.Be3 Qc8 43.Rc2 a6 44.Nd7 Rf7 45.Ne5 Rf5 46.g4 Rff8 47.Nd7 Rf7 48.Ne5 
1/2-1/2

[Event "3rd OHRA Open"]
[Site "Amsterdam NED"]
[Date "1984.07.18"]
[Round "2"]
[White "Ligterink, Gert"]
[Black "Trepp, Markus"]
[Result "1-0"]
[WhiteElo "2440"]
[BlackElo "2340"]
[EventDate "1984.07.17"]
[PlyCount "55"]

1.d4 Nf6 2.Nf3 e6 3.c4 b6 4.a3 Bb7 5.Nc3 d5 6.cxd5 Nxd5 7.e4 Nxc3 8.bxc3 
Bxe4 9.Ne5 a6 10.Qg4 Bb7 11.Bc4 h5 12.Bxe6 hxg4 13.Bxf7+ Ke7 14.Bg5+ Kd6 
15.Bxd8 Nc6 16.Nc4+ Kd7 17.Bg5 b5 18.Ne3 Bd6 19.Nxg4 Raf8 20.Bg6 Ne7 21.
Bxe7 Kxe7 22.O-O Bxh2+ 23.Nxh2 Rf6 24.Rfe1+ Kd6 25.Re8 Rh4 26.Rae1 Bxg2 
27.Rd8+ Kc6 28.Be8+ 1-0

[Event "3rd OHRA Open"]
[Site "Amsterdam NED"]
[Date "1984.07.18"]
[Round "2"]
[White "De Wit, Jan"]
[Black "Sax, Gyula"]
[Result "1/2-1/2"]
[WhiteElo "2395"]
[BlackElo "2565"]
[EventDate "1984.07.17"]
[PlyCount "79"]

1.e4 c5 2.Nf3 e6 3.d4 cxd4 4.Nxd4 a6 5.Bd3 Nf6 6.O-O Qc7 7.c4 Nc6 8.Nxc6 
bxc6 9.Nc3 Be7 10.b3 O-O 11.Bb2 Bd6 12.Kh1 c5 13.Qe2 Bb7 14.f4 e5 15.f5 
Be7 16.Rf3 Nh5 17.Nd5 Bxd5 18.exd5 d6 19.g4 e4 20.Bxe4 Nf6 21.Bc2 Rae8 22.
Qd3 Bd8 23.Rf4 Nd7 24.Bxg7 Kxg7 25.f6+ Nxf6 26.Rxf6 Rh8 27.Rf5 h6 28.Raf1 
Ref8 29.Qc3+ Kg8 30.Re1 Bh4 31.Re2 Qd8 32.Qd3 Re8 33.Re3 Rxe3 34.Qxe3 Kg7 
35.Qc3+ Bf6 36.Qd3 Qe7 37.Rf1 Be5 38.Qf5 Qf6 39.Qxf6+ Bxf6 40.Re1 1/2-1/2

[Event "3rd OHRA Open"]
[Site "Amsterdam NED"]
[Date "1984.07.18"]
[Round "2"]
[White "Eising, Johannes"]
[Black "Hjorth, Greg"]
[Result "1/2-1/2"]
[WhiteElo "2355"]
[BlackElo "2440"]
[EventDate "1984.07.17"]
[PlyCount "58"]

1.c4 b6 2.e4 Bb7 3.Nc3 e6 4.d3 Bb4 5.Ne2 d5 6.a3 Bxc3+ 7.Nxc3 dxe4 8.Nxe4 
Ne7 9.Be2 Nbc6 10.O-O Nf5 11.Bg5 Qd7 12.Bf3 h6 13.Bf6 O-O 14.g4 Nd6 15.Bc3
Ne7 16.Nxd6 Bxf3 17.Qxf3 Qxd6 18.Rfe1 Ng6 19.Qg3 Rfd8 20.Re3 Rd7 21.Qxd6 
Rxd6 22.d4 Rad8 23.Rae1 c6 24.Re4 Nh4 25.R1e3 g5 26.f4 Ng6 27.f5 Nf4 28.
Kf2 Kh7 29.Kf3 a5 1/2-1/2

[Event "3rd OHRA Open"]
[Site "Amsterdam NED"]
[Date "1984.07.18"]
[Round "2"]
[White "Van Voorthuijsen, Pieter W"]
[Black "Borm, Franciscus"]
[Result "1-0"]
[WhiteElo "2270"]
[BlackElo "2375"]
[EventDate "1984.07.17"]
[PlyCount "67"]

1.e4 e5 2.Nf3 Nc6 3.d4 exd4 4.Nxd4 Bc5 5.Nb3 Bb6 6.Nc3 d6 7.Qe2 h6 8.Be3 
Nf6 9.O-O-O O-O 10.f3 Be6 11.Nc5 Qe8 12.Nxe6 Qxe6 13.g4 Rfd8 14.g5 Bxe3+ 
15.Qxe3 hxg5 16.Qxg5 Qe5 17.h4 Ne7 18.Bc4 Nh5 19.Ne2 g6 20.Rhg1 Qxg5+ 21.
Rxg5 Kg7 22.Nd4 a6 23.Nf5+ Kf6 24.Nh6 Rf8 25.f4 Kg7 26.Nxf7 Rxf7 27.Bxf7 
Kxf7 28.f5 Rh8 29.fxg6+ Nxg6 30.Rf1+ Kg7 31.Rff5 Re8 32.Rxh5 Rxe4 33.Rfg5 
Kf6 34.Rh6 1-0

[Event "3rd OHRA Open"]
[Site "Amsterdam NED"]
[Date "1984.07.18"]
[Round "2"]
[White "Sosonko, Gennadi"]
[Black "Van der Sterren, Paul"]
[Result "1-0"]
[WhiteElo "2565"]
[BlackElo "2455"]
[EventDate "1984.07.17"]
[PlyCount "71"]

1.d4 d5 2.Nf3 Nf6 3.c4 e6 4.g3 dxc4 5.Bg2 a6 6.O-O b5 7.Ne5 Nd5 8.a4 Bb7 
9.b3 cxb3 10.axb5 axb5 11.Rxa8 Bxa8 12.Qxb3 c6 13.e4 Nc7 14.Qf3 Qf6 15.Bf4
Nba6 16.Rc1 Bd6 17.Qh5 g6 18.Qe2 Qd8 19.Nxc6 Bxf4 20.Nxd8 Bxc1 21.Qc2 Bg5 
22.Nc6 O-O 23.d5 exd5 24.exd5 Ne8 25.h4 Bf6 26.Nd2 Nd6 27.Qa2 Bb7 28.Qa3 
Nc4 29.Nxc4 bxc4 30.Na5 Bc8 31.Nxc4 Nb8 32.Qd6 Ba6 33.Qxf6 Bxc4 34.h5 gxh5
35.Qg5+ Kh8 36.Qh6 1-0

[Event "3rd OHRA Open"]
[Site "Amsterdam NED"]
[Date "1984.07.19"]
[Round "3"]
[White "Wedberg, Tom"]
[Black "Sosonko, Gennadi"]
[Result "1-0"]
[WhiteElo "2485"]
[BlackElo "2565"]
[EventDate "1984.07.17"]
[PlyCount "121"]

1.e4 c5 2.Nf3 Nc6 3.d4 cxd4 4.Nxd4 Nf6 5.Nc3 d6 6.Bc4 e6 7.Be3 Be7 8.Qe2 
O-O 9.O-O-O d5 10.Bb3 Na5 11.Rhe1 e5 12.Nf3 Nxb3+ 13.axb3 Qa5 14.exd5 Bb4 
15.Kb1 Bxc3 16.bxc3 Nxd5 17.Bd2 Nxc3+ 18.Bxc3 Qxc3 19.Qxe5 Qxe5 20.Rxe5 
Be6 21.Ng5 Rae8 22.Nxe6 fxe6 23.f3 Rf7 24.Rd6 Rfe7 25.c4 Kf7 26.Kc2 Rc8 
27.Kc3 h6 28.h4 Kf6 29.f4 g6 30.g4 Kf7 31.Kd4 Rcc7 32.f5 exf5 33.gxf5 gxf5
34.Rxf5+ Kg7 35.Rh5 Re1 36.Rhxh6 Rce7 37.Rdg6+ Kf7 38.Rg3 Ke8 39.Rh3 Rd1+ 
40.Kc3 Kd7 41.h5 Rde1 42.Kd3 Rb1 43.Kc2 Ree1 44.Rg6 Rec1+ 45.Kd2 Rh1 46.
Rf3 Rbd1+ 47.Kc2 Kc7 48.h6 a5 49.Rf5 Rd6 50.Rc5+ Kd7 51.Rg7+ Ke6 52.Rxa5 
b6 53.Rg6+ Kd7 54.Ra7+ Kc6 55.Rxd6+ Kxd6 56.h7 Kc5 57.Kd3 Rh4 58.Ke3 Kb4 
59.Rb7 Kxb3 60.c5 b5 61.c6 1-0

[Event "3rd OHRA Open"]
[Site "Amsterdam NED"]
[Date "1984.07.19"]
[Round "3"]
[White "Borm, Franciscus"]
[Black "Trepp, Markus"]
[Result "1/2-1/2"]
[WhiteElo "2375"]
[BlackElo "2340"]
[EventDate "1984.07.17"]
[PlyCount "81"]

1.e4 c5 2.Nf3 Nc6 3.d4 cxd4 4.Nxd4 Nf6 5.Nc3 d6 6.Be2 e5 7.Nf3 h6 8.O-O 
Be7 9.Re1 O-O 10.h3 a6 11.Bf1 Bd7 12.Be3 b5 13.a4 b4 14.Nd5 Nxd5 15.exd5 
Na5 16.Bd2 Rb8 17.Bxa6 Qb6 18.Bf1 Rfc8 19.Be3 Qb7 20.b3 f5 21.Nd2 f4 22.
Bxf4 Bf5 23.Be3 Bxc2 24.Qg4 Nxb3 25.Qe6+ Kh8 26.a5 Nc5 27.a6 Qa7 28.Ra5 
Qc7 29.Rxc5 dxc5 30.Nc4 Bf6 31.d6 Qc6 32.Nxe5 Qe8 33.Nf7+ Kh7 34.Qc4 b3 
35.Bd3+ Bxd3 36.Qxd3+ g6 37.Nxh6 Qe6 38.Ng4 Bg7 39.Bd2 Qxe1+ 40.Bxe1 b2 
41.Qb1 1/2-1/2

[Event "3rd OHRA Open"]
[Site "Amsterdam NED"]
[Date "1984.07.19"]
[Round "3"]
[White "Kuijf, Marinus"]
[Black "Gutman, Lev"]
[Result "1-0"]
[WhiteElo "2405"]
[BlackElo "2485"]
[EventDate "1984.07.17"]
[PlyCount "69"]

1.e4 c5 2.Ne2 d6 3.Nbc3 Nf6 4.d4 cxd4 5.Nxd4 a6 6.f4 Nc6 7.Be2 e6 8.Be3 
Bd7 9.O-O Rc8 10.Qe1 Qb6 11.Rd1 Qxb2 12.Rb1 Qa3 13.Rb3 Qa5 14.Nxe6 Bxe6 
15.Bb6 Bxb3 16.Bxa5 Bxc2 17.Nd5 Nxa5 18.Qxa5 Be7 19.Nxe7 Kxe7 20.e5 Nd7 
21.exd6+ Kxd6 22.Bg4 f5 23.Bxf5 Bxf5 24.Qxf5 Nc5 25.Qe5+ Kc6 26.Qxg7 h5 
27.f5 h4 28.Qf6+ Kc7 29.Qe5+ Kb6 30.f6 Ka7 31.f7 Rhf8 32.Qe7 Ka8 33.Rc1 b6
34.Rb1 Rfd8 35.h3 1-0

[Event "3rd OHRA Open"]
[Site "Amsterdam NED"]
[Date "1984.07.19"]
[Round "3"]
[White "Van der Sterren, Paul"]
[Black "Langeweg, Christian"]
[Result "1-0"]
[WhiteElo "2455"]
[BlackElo "2415"]
[EventDate "1984.07.17"]
[PlyCount "75"]

1.d4 Nf6 2.c4 e6 3.Nf3 b6 4.a3 Ba6 5.Qc2 Bb7 6.Nc3 c5 7.e4 cxd4 8.Nxd4 d6 
9.Be2 Be7 10.O-O Nbd7 11.f4 a6 12.f5 e5 13.Nb3 Rc8 14.Bd3 b5 15.cxb5 axb5 
16.Qe2 O-O 17.Bxb5 d5 18.exd5 Nxd5 19.Bd2 N7f6 20.Kh1 Nxc3 21.Bxc3 Ne4 22.
Be1 Qd5 23.Na5 Nd6 24.Bd7 Rc7 25.Nxb7 Qxb7 26.Ba4 Ra8 27.Bd1 Nb5 28.Qg4 
Qc8 29.Bb3 Rb8 30.Bd5 Rc2 31.Qh5 Qe8 32.f6 Bxf6 33.Be4 g6 34.Qf3 Rc4 35.b3
Rd4 36.Bc6 Rf4 37.Bxe8 Rxe8 38.Qe2 1-0

[Event "3rd OHRA Open"]
[Site "Amsterdam NED"]
[Date "1984.07.19"]
[Round "3"]
[White "Eising, Johannes"]
[Black "Sznapik, Aleksander"]
[Result "1-0"]
[WhiteElo "2355"]
[BlackElo "2445"]
[EventDate "1984.07.17"]
[PlyCount "113"]

1.c4 Nf6 2.Nc3 g6 3.e4 d6 4.d4 Bg7 5.f3 O-O 6.Be3 Nc6 7.Nge2 a6 8.Qd2 Rb8 
9.Nc1 e5 10.Nb3 exd4 11.Nxd4 Nxd4 12.Bxd4 Be6 13.Be2 c5 14.Bf2 b5 15.cxb5 
axb5 16.Nxb5 d5 17.Bxc5 dxe4 18.Bxf8 Qxf8 19.Qd6 Qxd6 20.Nxd6 Rxb2 21.Nxe4
Nd5 22.Rd1 Ne3 23.Rd8+ Bf8 24.Kf2 Nxg2 25.Rd2 Rxd2 26.Nxd2 Nf4 27.Bc4 Bc5+
28.Ke1 Bh3 29.Kd1 Ng2 30.Kc2 Bb4 31.Bb3 Bf5+ 32.Kc1 Ba3+ 33.Kd1 Bd3 34.Ne4
Bb4 35.Kc1 Ne1 36.Nd2 Ba3+ 37.Kd1 Ng2 38.Ne4 Bb4 39.Kc1 Ne1 40.Ng5 Kg7 41.
Kd1 Ng2 42.Nxf7 Kf6 43.h4 h5 44.Ng5 Ke5 45.Kc1 Ne1 46.Rg1 Bf5 47.Kd1 Nd3 
48.Bc2 Kd4 49.Ne4 Ke3 50.Bxd3 Kxd3 51.Rg2 Ke3 52.Rb2 Be7 53.Ng3 Bd3 54.Rb3
Bxh4 55.Ne2 Bf2 56.Nc1 Kxf3 57.Nxd3 1-0

[Event "3rd OHRA Open"]
[Site "Amsterdam NED"]
[Date "1984.07.19"]
[Round "3"]
[White "Hjorth, Greg"]
[Black "Bohm, Hans"]
[Result "0-1"]
[WhiteElo "2440"]
[BlackElo "2415"]
[EventDate "1984.07.17"]
[PlyCount "148"]

1.e4 e6 2.Qe2 b6 3.d3 Bb7 4.Nf3 Nf6 5.g3 d5 6.e5 Nfd7 7.Bg2 Be7 8.O-O a5 
9.Nd4 c5 10.Nb5 O-O 11.c4 Nc6 12.cxd5 exd5 13.f4 Nd4 14.Nxd4 cxd4 15.Nd2 
Bc5 16.Nf3 Re8 17.b3 a4 18.Bb2 Qe7 19.Bh3 Bc8 20.Qg2 a3 21.Bxd4 Bxd4+ 22.
Nxd4 Qc5 23.Qf2 Nxe5 24.fxe5 Bxh3 25.Rfc1 Qe7 26.Nc6 Qb7 27.Qf4 Rac8 28.
Nd4 Qd7 29.Kf2 h6 30.Rxc8 Rxc8 31.Rc1 Rc5 32.b4 Rxc1 33.Qxc1 Qg4 34.Qe3 
Qd1 35.Qe2 Qa1 36.Nb5 Qh1 37.Ke3 Bd7 38.Nd4 Qg1+ 39.Qf2 Qc1+ 40.Qd2 Qg1+ 
41.Qf2 Qc1+ 42.Qd2 Qb2 43.Qc2 Qxb4 44.Nb3 Bf5 45.Qd2 Qe7 46.Qc3 Qg5+ 47.
Kd4 Be6 48.Qd2 Qg4+ 49.Kc3 Qa4 50.Nd4 Bg4 51.Qc1 Qe8 52.Qf4 Qc8+ 53.Kd2 
Bd7 54.Nc2 Qc5 55.Qd4 Qe7 56.Qxd5 Be6 57.Qa8+ Kh7 58.Qxa3 Qg5+ 59.Ne3 Qh5 
60.h4 Qxe5 61.Qa4 Qxg3 62.Qe4+ Qg6 63.Qf3 Bxa2 64.d4 Bb1 65.d5 Be4 66.Qf2 
f5 67.Qh2 Qf6 68.Qf4 Qb2+ 69.Ke1 Qb1+ 70.Kd2 Qb4+ 71.Ke2 Qb2+ 72.Ke1 Qb1+ 
73.Kd2 Qd3+ 74.Kc1 Bxd5 0-1

[Event "3rd OHRA Open"]
[Site "Amsterdam NED"]
[Date "1984.07.19"]
[Round "3"]
[White "Ree, Hans"]
[Black "De Wit, Jan"]
[Result "1/2-1/2"]
[WhiteElo "2465"]
[BlackElo "2395"]
[EventDate "1984.07.17"]
[PlyCount "48"]

1.d4 Nf6 2.c4 g6 3.Nc3 d5 4.Nf3 Bg7 5.Bg5 Ne4 6.cxd5 Nxg5 7.Nxg5 c6 8.dxc6
Nxc6 9.d5 Ne5 10.e3 O-O 11.Be2 e6 12.Nf3 exd5 13.Qxd5 Be6 14.Qxd8 Nxf3+ 
15.Bxf3 Rfxd8 16.O-O Rd2 17.Rab1 Rc8 18.a4 Bxc3 19.bxc3 b6 20.Rfc1 Ra2 21.
Bd1 Ra3 22.f4 Raxc3 23.Rxc3 Rxc3 24.Kf2 Bd5 1/2-1/2

[Event "3rd OHRA Open"]
[Site "Amsterdam NED"]
[Date "1984.07.19"]
[Round "3"]
[White "Van Voorthuijsen, Pieter W"]
[Black "Campora, Daniel Hugo"]
[Result "0-1"]
[WhiteElo "2270"]
[BlackElo "2480"]
[EventDate "1984.07.17"]
[PlyCount "112"]

1.e4 c6 2.d4 d5 3.exd5 cxd5 4.c4 Nf6 5.Nc3 e6 6.Nf3 Be7 7.cxd5 Nxd5 8.Bd3 
O-O 9.O-O Nc6 10.Re1 Nf6 11.a3 b6 12.Bc2 Ba6 13.Bg5 Rc8 14.Rc1 Nd5 15.Bxe7
Ncxe7 16.Ne5 Nf6 17.Re3 Ned5 18.Rh3 Nf4 19.Rf3 N6d5 20.Nd3 Rxc3 21.bxc3 
Nxc3 22.Qe1 Nce2+ 23.Kh1 Bxd3 24.Bxd3 Nxd3 25.Rxd3 Nxc1 26.Qxc1 Qd7 27.Qe3
Rc8 28.h3 h6 29.Qf4 Qc7 30.Qf3 Qd6 31.g3 Rd8 32.Kg2 Qd5 33.Qxd5 Rxd5 34.f4
Kf8 35.Kf3 Ke7 36.g4 Kd6 37.Ke4 g6 38.Rc3 Ra5 39.h4 f5+ 40.gxf5 gxf5+ 41.
Kf3 Ra4 42.h5 Rxd4 43.Rc8 Rd3+ 44.Kg2 Rxa3 45.Rh8 Rc3 46.Rxh6 Rc7 47.Rh8 
a5 48.h6 b5 49.Kf3 Kc5 50.Ke3 Rd7 51.Rc8+ Kb4 52.Rc1 a4 53.Rh1 Rh7 54.Kd4 
a3 55.Rb1+ Ka4 56.Kc5 a2 0-1